Statistics for Biggest Cities of the world with double letters

Click here to take the quiz!

General Stats

  • This quiz has been taken 304 times
    (278 since last reset)
  • The average score is 17 of 25

Answer Stats

Population Country Answer % Correct
8.75South AfricaJohannesburg
95%
2BelgiumBrussels
91%
2.1AustriaVienna
89%
3.325EthiopiaAddis Ababa
89%
3.07NetherlandsRotterdam
87%
3.25JordanAmman
84%
4.4GhanaAccra
83%
6.4USADallas
82%
9.65 (mil)IndiaChennai
78%
2.35YemenSana'a
77%
4.025USASeattle
75%
3.725ColombiaMedellin
74%
5TanzaniaDar Es Salaam
74%
2.1UKLeeds
74%
3USAMinneapolis
67%
4.05Saudi ArabiaJiddah
66%
4.525MexicoMonterrey
64%
2.975SyriaAleppo
63%
2.475JapanSapporo
61%
2.075USAPittsburgh
54%
4.4BangladeshChittagong
53%
2.7USACincinnati
48%
2.25USACharlotte
46%
2.275Saudi ArabiaDammam
29%
3.050ChinaNanning
12%

Score Distribution

Percentile by Number Answered

Percent of People with Each Score

Your Score History

You have not taken this quiz since the last reset